00426nam a2200109Ia 4500008004100000100004600041245008400087260002500171300002000196650002200216856007800238160712s9999 xx 000 0 und d a Roxas-Villanueva, Ranzivelle Marianne L. cRanzivelle Marianne L. Roxas-VillanuevaaLiterary analysis and complex networks c2013bDiliman Review avol. 60 no. 1-4 xLITERARY ANALYSIS uhttp://journals.upd.edu.ph/index.php/dilimanreview/issue/view/515/showToc